000
00214 a2200097 4500
001
23194
100
_a
Iqbal, A
245
_a
Culture of Islam
260
_a
_b
Inst. of Islamic Studies
_c
1967
090
_c
15702
_d
15702
942
_a
NUST-CAE
_c
M
_c
6339
999
_c
258267
_d
258267